| 000 | 00810cam a2200265 4500 | ||
|---|---|---|---|
| 001 | ABS63543 | ||
| 008 | 000000n2001 000 0 eng u | ||
| 035 | _a(Sirsi) u110982 | ||
| 245 | _aFocus 2001: East Midlands office, retail and leisure | ||
| 260 | _c2001 | ||
| 490 |
_aEstates Gazette _v(0106) 10 February 2001, 83-119(18) |
||
| 590 | _aABS | ||
| 650 | _aLINCOLN | ||
| 650 | _aNORTHAMPTON | ||
| 650 | _aLEICESTER | ||
| 650 | _aNOTTINGHAM | ||
| 650 | _aDERBY | ||
| 650 | _aEAST MIDLANDS | ||
| 650 | _aGRIMSBY | ||
| 650 | _aPROPERTY-COMMERCIAL PROPERTY-OFFICE PROPERTY-OFFICE PROPERTY MARKET | ||
| 650 | _aPROPERTY-COMMERCIAL PROPERTY-RETAIL PROPERTY-RETAIL PROPERTY MARKET | ||
| 650 | _aLEISURE MARKET | ||
| 690 | _aPROPERTY-COMMERCIAL PROPERTY-COMMERCIAL PROPERTY MARKET | ||
| 942 | _n0 | ||
| 999 |
_c66145 _d66145 |
||